000 00262nam a2200109Ia 4500
008 190216s9999||||xx |||||||||||||| ||und||
100 _aHenry N & Hollin Shead
245 0 _aText Book Of Anatomy
260 _bOxford & I B H
650 _aZoology
942 _cBK
999 _c37295
_d37295